[Event "AUT-ch Seniors 65"]
[Site "Vienna"]
[Date "2023.05.21"]
[Round "7"]
[White "Meyer, Paul"]
[Black "Prammer, Franz"]
[Result "0-1"]
[WhiteElo "2128"]
[BlackElo "1760"]
[PlyCount "72"]
[EventDate "2023.05.15"]
[EventType "swiss"]
[EventRounds "7"]
[EventCountry "AUT"]
[SourceTitle "CBM 214 Extra"]
[Source "ChessBase"]
[SourceDate "2023.07.31"]
[SourceVersion "1"]
[SourceVersionDate "2023.07.31"]
[SourceQuality "1"]

1. Nf3 d6 2. d4 Bg4 3. e4 Nd7 4. Nc3 e5 5. Be3 c6 6. h3 Bh5 7. g4 Bg6 8. Bg2 Be7 9. Qe2 Ngf6 10. Nd2 a6 11. f4 exf4 12. Bxf4 0-0 13. 0-0-0 Re8 14. Nc4 Qc7 15. Qf2 b5 16. Bxd6 Bxd6 17. Nxd6 Qxd6 18. e5 Qc7 19. exf6 Nxf6 20. a3 Rad8 21. Rhe1 Rxe1 22. Rxe1 a5 23. g5 b4 24. gxf6 bxc3 25. bxc3 Qd6 26. fxg7 Qxa3+ 27. Kd2 Qd6 28. Ra1 Ra8 29. Qf3 a4 30. h4 h5 31. Qxc6 Qf4+ 32. Kd1 Rb8 33. Qf3 Qxh4 34. Qh3 Qf2 35. Rc1 Re8 36. Qh1 Qe2# 0-1

[Event "AUT-ch Seniors 65"]
[Site "Vienna"]
[Date "2023.05.16"]
[Round "2"]
[White "Prammer, Franz"]
[Black "Veitsch, Norbert"]
[Result "1-0"]
[WhiteElo "1760"]
[BlackElo "1524"]
[PlyCount "43"]
[EventDate "2023.05.15"]
[EventType "swiss"]
[EventRounds "7"]
[EventCountry "AUT"]
[SourceTitle "CBM 214 Extra"]
[Source "ChessBase"]
[SourceDate "2023.07.31"]
[SourceVersion "1"]
[SourceVersionDate "2023.07.31"]
[SourceQuality "1"]

1. d4 e6 2. Bf4 Nf6 3. e3 c5 4. c3 Qb6 5. Qc2 Be7 6. h3 0-0 7. Nf3 d5 8. Nbd2 Nc6 9. Bd3 c4 10. Be2 h6 11. 0-0 Bd7 12. Rfb1 Qd8 13. b3 cxb3 14. axb3 a6 15. c4 Nb4 16. Qb2 Rc8 17. Ne5 Be8 18. c5 Ne4 19. Nd3 Bb5 20. Nxb4 Nxd2 21. Qxd2 Bd7 22. Nd3 1-0

[Event "SVK-ch Amateurs"]
[Site "Topolcany"]
[Date "2021.08.08"]
[Round "5"]
[White "Prammer, Franz"]
[Black "Kvassay, Peter"]
[Result "0-1"]
[WhiteElo "1767"]
[BlackElo "1976"]
[PlyCount "40"]
[EventDate "2021.08.06"]
[EventType "swiss"]
[EventRounds "7"]
[EventCountry "SVK"]
[SourceTitle "EXT 2022"]
[Source "ChessBase"]
[SourceDate "2021.10.06"]
[SourceVersion "1"]
[SourceVersionDate "2021.10.06"]
[SourceQuality "1"]

1. d4 g6 2. Bf4 Bg7 3. Nc3 c5 4. Nf3 cxd4 5. Ne4 Nc6 6. Ned2 e5 7. Bg3 Qa5 8. a3 e4 9. b4 Qf5 10. Nc4 Qd5 11. Nd6+ Ke7 12. Nd2 Nf6 13. Rc1 Ne5 14. Nxc8+ Rhxc8 15. Nb3 d3 16. exd3 exd3 17. cxd3 Rxc1 18. Nxc1 Rc8 19. d4 Qe4+ 20. Be2 Rxc1 0-1

[Event "Brno op 7th"]
[Site "Brno"]
[Date "2017.11.14"]
[Round "5"]
[White "Gulacsi, Donat Ferenc"]
[Black "Prammer, Franz"]
[Result "0-1"]
[WhiteElo "1639"]
[BlackElo "1816"]
[PlyCount "54"]
[EventDate "2017.11.11"]
[EventType "swiss"]
[EventRounds "9"]
[EventCountry "CZE"]
[SourceTitle "CBM 181 Extra"]
[Source "ChessBase"]
[SourceDate "2017.12.12"]
[SourceVersion "1"]
[SourceVersionDate "2017.12.12"]
[SourceQuality "1"]

1. e4 d6 2. d4 Nf6 3. Nc3 e5 4. Nge2 Nbd7 5. g3 Be7 6. Bg2 0-0 7. 0-0 c6 8. f4 exf4 9. Bxf4 Qb6 10. Na4 Qa5 11. c3 b5 12. e5 dxe5 13. dxe5 bxa4 14. exf6 Bxf6 15. Kh1 Ne5 16. Nd4 Bg4 17. Qc2 Rac8 18. Bxe5 Bxe5 19. Nxc6 Qc5 20. Nxe5 Qxe5 21. Qxa4 h5 22. Qxa7 Rcd8 23. Bf3 Bh3 24. Rfe1 Qf5 25. Bg2 Bxg2+ 26. Kxg2 Rd2+ 27. Kg1 Qf3 0-1

[Event "Wch Seniors 65 26th"]
[Site "Marianske Lazne"]
[Date "2016.11.30"]
[Round "11"]
[White "Filzmaier, Bruno"]
[Black "Prammer, Franz"]
[Result "1-0"]
[WhiteElo "1760"]
[BlackElo "1864"]
[PlyCount "123"]
[EventDate "2016.11.19"]
[EventType "swiss"]
[EventRounds "11"]
[EventCountry "CZE"]
[SourceTitle "EXT 2023"]
[Source "ChessBase"]
[SourceDate "2022.10.05"]
[SourceVersion "1"]
[SourceVersionDate "2022.10.05"]
[SourceQuality "1"]

1. a3 e5 2. e3 Qe7 3. c4 g6 4. Nc3 Nf6 5. Be2 Bg7 6. d4 d6 7. h3 0-0 8. Nf3 c6 9. b4 b6 10. Bb2 Bb7 11. Qb3 Nbd7 12. 0-0 c5 13. d5 Rab8 14. b5 h6 15. Qc2 Nh7 16. e4 Ng5 17. Bc1 Nxf3+ 18. Bxf3 Nf6 19. Be3 Kh7 20. a4 Ra8 21. a5 Qc7 22. axb6 axb6 23. Qb2 Rfb8 24. Na4 Nd7 25. Ra3 f5 26. Rfa1 Ra5 27. Bd2 Ra7 28. R1a2 Rba8 29. Qb1 f4 30. Bg4 Nf8 31. h4 h5 32. Bh3 Bf6 33. g3 Qf7 34. Kg2 g5 35. hxg5 Bxg5 36. Bf5+ Kh6 37. f3 Ng6 38. Bxg6 Qxg6 39. Qc1 Bh4 40. g4 hxg4 41. Bxf4+ exf4 42. Qxf4+ Bg5 43. Qxg4 Bc8 44. Qg3 Bc1 45. Qxg6+ Kxg6 46. Rc3 Bf4 47. Rca3 Bb7 48. Kf2 Kf6 49. Ke2 Ke5 50. Kd1 Bc8 51. Kc2 Bg5 52. Kb3 Bd8 53. Rg2 Rf7 54. Kb2 Bh3 55. f4+ Kd4 56. Rd2+ Kxe4 57. Nc3+ Ke3 58. Re2+ Kd3 59. Rxa8 Bf6 60. Ra3 Kxc4 61. Re3 Bxc3+ 62. Raxc3+ 1-0

[Event "Wch Seniors 65 26th"]
[Site "Marianske Lazne"]
[Date "2016.11.22"]
[Round "4"]
[White "Prammer, Franz"]
[Black "Schmieder, Siegfried"]
[Result "1/2-1/2"]
[WhiteElo "1864"]
[BlackElo "2052"]
[PlyCount "90"]
[EventDate "2016.11.19"]
[EventType "swiss"]
[EventRounds "11"]
[EventCountry "CZE"]
[SourceTitle "CBM 175 Extra"]
[Source "ChessBase"]
[SourceDate "2016.12.12"]
[SourceVersion "1"]
[SourceVersionDate "2016.12.12"]
[SourceQuality "1"]

1. e4 d6 2. Nf3 Nf6 3. d3 g6 4. g3 Bg7 5. Bg2 Bg4 6. 0-0 Qd7 7. Re1 Nc6 8. c3 0-0 9. Nbd2 h5 10. Qc2 a5 11. a4 e5 12. Nc4 Rfe8 13. Ne3 Bxf3 14. Bxf3 Kh7 15. Bg2 Bh6 16. Qe2 Kg7 17. b3 Nd8 18. Nd5 Nxd5 19. Bxh6+ Kxh6 20. exd5 f6 21. h4 Nf7 22. Kh2 f5 23. Qf3 Kg7 24. Qe3 b6 25. d4 Nh6 26. Qd2 e4 27. Bf1 Qf7 28. Bb5 Re7 29. Bc6 Rf8 30. Qf4 Qf6 31. Ra2 Nf7 32. Kg2 g5 33. hxg5 Nxg5 34. Rh1 Rh8 35. Re2 Nf3 36. Re3 h4 37. g4 Qg6 38. Qxf5 Qxf5 39. gxf5 Kf6 40. Bb5 Kxf5 41. Kh3 Ng5+ 42. Kh2 Kf4 43. Be2 h3 44. Rg1 Rh4 45. Reg3 Rg7 1/2-1/2

[Event "Lienz op 17th"]
[Site "Lienz"]
[Date "2013.02.14"]
[Round "7"]
[White "Prammer, Franz"]
[Black "Hicker, Harald"]
[Result "0-1"]
[WhiteElo "1886"]
[BlackElo "2072"]
[PlyCount "110"]
[EventDate "2013.02.09"]
[EventType "swiss"]
[EventRounds "9"]
[EventCountry "AUT"]
[SourceTitle "CBM 152 Extra"]
[Source "ChessBase"]
[SourceDate "2013.02.25"]
[SourceVersion "1"]
[SourceVersionDate "2013.02.25"]
[SourceQuality "1"]

1. e4 e5 2. Nf3 Nc6 3. Bc4 Be7 4. d4 d6 5. h3 Nf6 6. Nc3 0-0 7. 0-0 Bd7 8. Re1 exd4 9. Nxd4 Nxd4 10. Qxd4 Bc6 11. Bf4 Nd7 12. Rad1 Bf6 13. Qd2 Re8 14. f3 Qe7 15. Qc1 Nb6 16. Bf1 Na4 17. Nd5 Bxd5 18. exd5 Qd7 19. c3 Rxe1 20. Rxe1 Re8 21. Rxe8+ Qxe8 22. Bd3 b5 23. Bd2 Nb6 24. Qf1 a6 25. Be4 Qe5 26. Qd3 Bg5 27. Bxh7+ Kh8 28. Be4 Bxd2 29. Qxd2 f5 30. Bd3 Nxd5 31. Qf2 g6 32. c4 Nf4 33. Bf1 bxc4 34. Bxc4 a5 35. Bf1 Kg7 36. Qd2 Ne6 37. Kh1 f4 38. Bc4 Nd4 39. Qf2 Nf5 40. Qd2 Qd4 41. Qxd4+ Nxd4 42. Kg1 Kf6 43. Kf2 Nf5 44. Bb5 c5 45. Bd7 Ng3 46. Ke1 g5 47. Kd2 Ke5 48. Kc3 d5 49. a3 Nf1 50. Kb3 Ne3 51. Ka4 d4 52. Kxa5 d3 53. Ba4 Nc4+ 54. Kb5 Nxb2 55. Bb3 c4 0-1